Oceania Countries - Sudden Death - Statistics

General Stats
  • This quiz has been taken 9,597 times
    6,073 since last reset
  • The average score is 11 of 14
Answers on the Grid
Answers color-coded by a green-red scale on the quiz's grid according to % correct below.
American Samoa
Australia
Brunei
Cook Islands
Federated States of Micronesia
Fiji
French Polynesia
Guam
Kiribati
Marshall Islands
Nauru
New Caledonia
New Zealand
Niue
Norfolk Island
Palau
Papua New Guinea
Samoa
Solomon Islands
Tasmania
Tonga
Tuvalu
Vanuatu
Wallis and Futuna
 
Answer Stats
Answer % Correct
Australia
96%
Fiji
87%
New Zealand
78%
Federated States of Micronesia
77%
Kiribati
76%
Marshall Islands
76%
Tuvalu
76%
Nauru
75%
Samoa
75%
Tonga
75%
Papua New Guinea
74%
Vanuatu
74%
Palau
73%
Solomon Islands
73%
No matching quizzes found
Score Distribution
Percent of People with Each Score
Percentile by Number Answered
Your Score History
You have not taken this quiz since the last reset